000 01047nam a2200301 a 4500
001 26570
003 BD-RjUL
005 20211209051032.0
008 140322s1989 enkaf 001 0 eng d
020 _a0340430427 :
035 _a(BD-RjUL)26640
035 _a(OCoLC)18071021
040 _aUk
_cUk
_dOColC
_dDLC
_dICIU
_dDLC
_dBD-RjUL
_beng
041 _aeng
082 0 4 _a954.040924
_219
_bFRE 1989
245 1 0 _aFreedom's daughter :
_bletters between Indira Gandhi and Jawaharlal Nehru, 1922-39 /
_cedited by Sonia Gandhi.
260 _aLondon :
_bHodder and Stoughton,
_c1989.
300 _a483 p., [12] p. of plates :
_bill. ;
_c25 cm.
504 _aIncludes index.
600 1 0 _aGandhi, Indira,
_d1917-1984
_xCorrespondence.
_981723
600 1 0 _aNehru, Jawaharlal,
_d1889-1964
_xCorrespondence.
_981724
650 0 _aPrime ministers
_zIndia
_xCorrespondence.
_981720
700 1 _aGandhi, Sonia,
_d1946-
_981721
700 1 _aNehru, Jawaharlal,
_d1889-1964.
_981722
942 _2ddc
_cBK
999 _c26570
_d26570